| Tag |
First Indicator |
Second Indicator |
Subfields |
| LEADER |
00000cam a2200000 4500 |
| 001 |
in00003437372 |
| 005 |
20151206103042.0 |
| 008 |
910607s1964 dcu 00100 ENG c |
| 040 |
|
|
|d UtOrBLW
|
| 043 |
|
|
|a n-us---
|
| 090 |
|
|
|a Z6201.A558
|b no.43 1964
|
| 100 |
1 |
|
|a Burr, Susan S.
|
| 245 |
1 |
0 |
|a Money grows up in American history.
|
| 264 |
|
1 |
|a New York :
|b Macmillan,
|c [1964]
|
| 300 |
|
|
|a 36 pages ;
|c 23 cm.
|
| 336 |
|
|
|a text
|b txt
|2 rdacontent
|
| 337 |
|
|
|a unmediated
|b n
|2 rdamedia
|
| 338 |
|
|
|a volume
|b nc
|2 rdacarrier
|
| 490 |
1 |
|
|a Publication ;
|v no. 43
|
| 504 |
|
|
|a Includes bibliography.
|
| 650 |
|
0 |
|a Money
|z United States
|x History.
|
| 830 |
|
0 |
|a Publication (Service Center for Teachers of History) ;
|v no. 43.
|
| 999 |
|
|
|a MARS
|
| 999 |
f |
f |
|s c384f4c0-5c71-3eab-8986-f0b86a9afc36
|i cfd40c36-f5d3-3601-82ca-41c43687ee56
|t 0
|
| 952 |
f |
f |
|p ric
|a Texas A&M University
|b Rellis Campus
|c Joint Library Facility
|d Remote Storage
|t 0
|e Z6201.A558 no.43 1964
|h Library of Congress classification
|i unmediated -- volume
|m 32060001231634
|
| 998 |
f |
f |
|a Z6201.A558 no.43 1964
|t 0
|l Remote Storage
|